Normal view
MARC view
- Malik Imran Kausar
Entry Personal Name
001 - CONTROL NUMBER
- control field: 92329
003 - CONTROL NUMBER IDENTIFIER
- control field: NUST
005 - DATE AND TIME OF LATEST TRANSACTION
- control field: 20220703102813.0
008 - FIXED-LENGTH DATA ELEMENTS
- fixed length control field: 220703|| aca||aabn | a|a d
040 ## - CATALOGING SOURCE
- Original cataloging agency: NUST
- Transcribing agency: NUST
100 ## - HEADING--PERSONAL NAME
- Personal name: Malik Imran Kausar
670 ## - SOURCE DATA FOUND
- Source citation: Work cat.: (NUST)9144: Malik Imran Kausar, Water monitoring System using Wireless Sensor Networks [Project BICSE2[, 2008.
